| 000 | 00606pam a2200205 a 4500 | ||
|---|---|---|---|
| 001 | 3806433 | ||
| 005 | 20241214154821.0 | ||
| 008 | 851101s1986 nyua b 001 0 eng c | ||
| 020 | _a0443083614 (pbk.) | ||
| 050 | 0 | 0 |
_aQM451 _b.R66 1986 |
| 082 | 0 | 0 |
_a611/.81 _219 |
| 100 | 2 | _aRomero-Sierra, C. | |
| 245 | 1 | 0 |
_aNeuroanatomy : _ba conceptual approach / _cC. Romero-Sierra. |
| 260 |
_aNew York : _bChurchill Livingstone, _c1986. |
||
| 300 |
_axiv, 449 p. : _bill. ; _c25 cm. |
||
| 500 | _aIncludes index. | ||
| 650 | 0 | _aNeuroanatomy. | |
| 650 | 2 |
_aNervous System _xanatomy & histology. |
|
| 942 |
_2lcc _cBK _n0 |
||
| 999 |
_c2237 _d2237 |
||